Tintin : Les Docteurs que l'on trouve dans les albums (mort subite) - Statistiques

Statistiques générales
  • Ce quiz a été pris 52 fois
  • Le résultat moyen est 4 sur 8
Answers on the Grid
Answers color-coded by a green-red scale on the quiz's grid according to % correct below.
Finney
Flemming
Müller
Trousseau
Rotule
Krollspell
Raoult
Simon
Triboulet
Popaul
Daumière
Horncliff
Struggle
Strange
Baker
Moreau
 
Statistiques - réponses
Réponse % Correct
Müller
94%
Rotule
55%
Krollspell
48%
Finney
45%
Triboulet
42%
Daumière
35%
Simon
35%
Horncliff
19%
Aucun quiz correspondant
Distribution des résultats
% des personnes avec chaque résultat
Percentile par nombre de réponses
Votre historique - résultats
Vous n’avez pas pris ce quiz